000 00321nam a2200133Ia 4500
005 20260326235438.0
008 260326s9999||||xx |||||||||||||| ||und||
100 _aCable, Mary
245 0 _aLost New Orleans /
_cMary Cable
260 _bSamuel Wilson
300 _a235 p.
650 _aARQUITECTURA REGIONAL
942 _cBK
999 _c7294
_d7294